000 00857nam a2200313Ia 4500
008 170203s9999 xx 000 0 und d
020 _a9780545150613
050 _aFic
050 _bS856s
100 _aStilton, Thea.
245 _aThea Stilton and the secret city /
245 _ctext by Thea Stilton ; illustrations by Alessandro Battan ... et al.
260 _aNew York :
260 _bScholastic Inc.,
260 _c2006
300 _a161 pages :
300 _bcolor illustration ;
300 _c20 cm.
440 _aThea Stilton ;
440 _vbk. 8.
500 _aAt head of title: Geronimo Stilton.
650 _aHumorous stories.
650 _aMice --
650 _aPeru --
650 _aTreasure troves -- Peru --
650 _xJuvenile fiction.
650 _xJuvenile fiction.
650 _xJuvenile fiction.
999 _c306254
_d306254